| 000 | 00990nam a2200289 4500 | ||
|---|---|---|---|
| 003 | OSt | ||
| 005 | 20260601193844.0 | ||
| 008 | 260420b1981 sp |||| |||| 00| 0 spa d | ||
| 020 | _a847214223X | ||
| 040 |
_aICI _bspa _cICI |
||
| 050 |
_aB29 _bK84 |
||
| 100 | 1 |
_aKumar, Satish, _931215 |
|
| 245 | 1 |
_aPara Schumacher _cR. d. laing... y otros. ; con contribuciones de l. kohr y h. Henderson ; editado y presentado por satish kumar |
|
| 264 |
_bBlume, _cc1981 _aMadrid : |
||
| 300 | _a222 páginas | ||
| 336 |
_atexto _2rdacontent |
||
| 337 |
_asin medio _2rdamedia |
||
| 338 |
_avolumen _2rdacarrier |
||
| 610 |
_aSchumacher, Ernst Friedrich, _d1911-1977 _vDiscursos, ensayos, conferencias _931216 |
||
| 650 | 0 |
_aPolítica energética _931217 |
|
| 650 | 0 |
_aFilosofía _914906 |
|
| 650 | 0 |
_aFísica |x Filosofía _931218 |
|
| 650 | 0 | _a Tecnología y civilización | |
| 700 | _aSchumacher, Ernst Friedrich | ||
| 700 | 1 |
_aLaing, R. D. | _d1927- _q(Ronald David), _931220 |
|
| 942 |
_2lcc _cB |
||
| 999 |
_c21581 _d21581 |
||